| 000 | 06211namaa22004571i 4500 | ||
|---|---|---|---|
| 003 | EG-GICUC | ||
| 005 | 20260311114136.0 | ||
| 008 | 260302s2025 ua a|||frm||| 000 0 eng d | ||
| 040 |
_aEG-GICUC _beng _cEG-GICUC _dEG-GICUC _erda |
||
| 041 | 0 |
_aeng _beng _bara |
|
| 049 | _aDeposit | ||
| 082 | 0 | 4 | _a616.99484 |
| 092 |
_a616.99484 _221 |
||
| 097 | _aPh.D | ||
| 099 | _aCai01.11.24.Ph.D.2025.Ma.M | ||
| 100 | 0 |
_aMai Abdelkader Saad Abdelkader, _epreparation. |
|
| 245 | 1 | 0 |
_aMacular and peripapillary optical coherence tomography angiography (OCT-A) changes with Ruthenium-106 brachytherapy application for treatment of intraocular / _cby Mai Abdelkader Saad Abdelkader ; Supervision Prof. Hany Salah Eldeen Hamza, Prof. Tamer Ahmed Macky, Dr. Shaymaa Hassan Salah, Dr. Abdussalam Mohsen Abdussalam Abdullatif. |
| 246 | 1 | 5 | _aتغييرات مقولة العين والعصب البصري باستخدام التصوير الضوئى التوافقى للأوعية الدموية عقب العلاج الإشعاعي الكثبي باستخدام روثينيوم-١٠٦ لعلاج الأورام داخل العين. |
| 264 | 0 | _c2025. | |
| 300 |
_a96 pages : _billustrations ; _c25 cm. + _eCD. |
||
| 336 |
_atext _2rda content |
||
| 337 |
_aUnmediated _2rdamedia |
||
| 338 |
_avolume _2rdacarrier |
||
| 502 | _aThesis (Ph.D)-Cairo University, 2025. | ||
| 504 | _aBibliography: pages 88-94. | ||
| 520 | _aPurpose: To evaluate early microvascular changes in the retina and optic nerve head using optical coherence tomography angiography (OCTA) in patients undergoing ruthenium-106 (Ru-106) episcleral plaque brachytherapy for intraocular tumors, and correlate these changes with radiation dose, tumor location, and visual acuity outcomes. Methods: This interventional case series included 30 eyes of 30 patients with extramacular intraocular tumors treated with Ru-106 plaque brachytherapy at Kasr Al-Ainy Hospital between March 2023 and March 2025. OCTA was used to assess changes in peripapillary nerve fiber layer plexus capillary density (NFLP-CD), macular superficial and deep capillary plexus vessel density (SCP- VD and DCP-VD), and foveal avascular zone (FAZ) at baseline, 3 months, and 6 months. Radiation dose to the macula and optic nerve head was calculated using Plaque Simulator™, and its correlation with vascular parameters and visual acuity was analyzed. Results: A significant decline in NFLP-CD was observed at 3 and 6 months (p < 0.001). Macular SCP- VD showed an initial drop at 3 months followed by partial recovery at 6 months, while macular DCP-VD declined progressively with statistically significant reduction at 6 months. FAZ area showed significant enlargement over time. Visual acuity deterioration correlated with reduced vascular density and higher radiation dose to optic nerve. Pre-equatorial tumors were associated with greater SCP-VD loss. Conclusion: OCTA detects early microvascular alterations following Ru-106 brachytherapy. SCP shows transient drop, while DCP damage is progressive. These changes are dose-dependent and correlate with tumor location and visual outcomes. OCTA serves as a valuable tool for early detection and follow-up in post-brachytherapy patients. | ||
| 520 | _aهدفت هذه الدراسة إلى تقييم التغيرات الميكروفسيولوجية المبكرة في الأوعية الدموية باستخدام التصوير الضوئي التوافقي ، عقب العلاج الإشعاعي الكثبي للأورام داخل العين بالنظير المشع الروثينيوم -106 تم إدراج ثلاثين مريضًا يعانون من أورام خارج البقعة ومتابعتهم لمدة ستة أشهر. أظهر التصوير الضوئي انخفاضاً ملحوظًا في كثافة الشعيرات الدموية حول العصب البصري وفي مقولة العين، خاصة في الضفيرة الشعرية العميقة. وقد وُجدت علاقة قوية بين جرعات الإشعاع التي تصل إلى المقولة والعصب البصري وبين تدهور حدة الإبصار وحدوث تلف في الأوعية الدموية أظهرت الأورام الواقعة في الجزء الخلفي من العين تراجعًا أكبر في كثافة الضفيرة حول العصب البصري ، بينما ارتبطت الأورام الأمامية بتلف أكبر في الضفيرة السطحية. كما وُجد تفاوت في شدة الإصابة الإقفارية بين أجزاء الشبكية المختلفة وفقًا لقربها من موضع القرص الإشعاعي، بالإضافة إلى اختلافات في كثافة الأوعية الدموية بين هذه الأجزاء قبل بدء العلاج، حيث لوحظت مناطق إقفارية في المناطق القريبة من الورم. وقد أثبتت تقنية التصوير الضوئي التوافقي فعاليتها كأداة حساسة وغير باضعة للكشف المبكر عن اعتلال الأوعية الدموية الناتج عن الإشعاع والمضاعفات التي قد تهدد البصر بعد العلاج الإشعاعي الموضعي أو الكثبي. | ||
| 530 | _aIssues also as CD. | ||
| 546 | _aText in English and abstract in Arabic & English. | ||
| 650 | 0 | _aintraocular tumors | |
| 650 | 0 | _aالأورام داخل العين | |
| 653 | 1 |
_aBrachytherapy _aintraocular tumor _aOCTA _aoptic neuropathy _aradiation retinopathy _aretinal vasculature _aRuthenium-106. |
|
| 700 | 0 |
_aHany Salah Eldeen Hamza _ethesis advisor. |
|
| 700 | 0 |
_aTamer Ahmed Macky _ethesis advisor. |
|
| 700 | 0 |
_aShaymaa Hassan Salah _ethesis advisor. |
|
| 700 | 0 |
_aAbdussalam Mohsen Abdussalam Abdullatif _ethesis advisor. |
|
| 900 |
_b01-01-2025 _cHany Salah Eldeen Hamza _cTamer Ahmed Macky _cShaymaa Hassan Salah _cAbdussalam Mohsen Abdussalam Abdullatif _UCairo University _FFaculty of Medicine _DDepartment of Ophthalmology |
||
| 905 |
_aShimaa _eEman Ghareb |
||
| 942 |
_2ddc _cTH _e21 _n0 |
||
| 999 | _c178809 | ||